<A> different look at the Baldridge award.

Rozdielnosti v rozhodovaní o tohtoročnej Baldrigeovej cene akosti v USA a v spôsobe jej udelenia. Zmeny v udeľovaní ceny odrážajú zmeny v postojoch spotrebiteľov.

Gespeichert in:
Bibliographische Detailangaben
1. Verfasser: Stratton, B.
Format: Buchkapitel
Sprache:Englisch
Schlagworte:
Tags: Tag hinzufügen
Keine Tags, Fügen Sie das erste Tag hinzu!

MARC

LEADER 00000naa a2200000 4500
001 r004331
005 20221213084350.6
041 0 |a eng 
044 |a US 
245 1 0 |a <A> different look at the Baldridge award.  |c B. Stratton 
520 |a Rozdielnosti v rozhodovaní o tohtoročnej Baldrigeovej cene akosti v USA a v spôsobe jej udelenia. Zmeny v udeľovaní ceny odrážajú zmeny v postojoch spotrebiteľov. 
610 2 0 |a kvalita 
610 2 0 |a USA 
610 2 0 |a spotrebitelia 
610 2 0 |a súťaž verejná 
100 1 |a Stratton, B.